The Russian Revolution (1917-1926) (Record no. 553396)
[ view plain ]
| 000 -LEADER | |
|---|---|
| fixed length control field | 00416cam a22001331 4500 |
| 082 ## - DEWEY DECIMAL CLASSIFICATION NUMBER | |
| Classification number | 974.0841 |
| Author Mark | LAW |
| 100 1# - MAIN ENTRY--PERSONAL NAME | |
| Personal name | Lawton, Lancelot. |
| 9 (RLIN) | 50640 |
| 245 14 - TITLE STATEMENT | |
| Title | The Russian Revolution (1917-1926) |
| Statement of responsibility, etc. | by Lancelot Lawton. |
| 260 ## - PUBLICATION, DISTRIBUTION, ETC. | |
| Place of publication, distribution, etc. | London, |
| Name of publisher, distributor, etc. | Macmillan and Co., limited, |
| Date of publication, distribution, etc. | 1927. |
| 300 ## - PHYSICAL DESCRIPTION | |
| Extent | x, 524 p. |
| Other physical details | front., plates, ports. |
| Dimensions | 23 cm. |
| 526 ## - STUDY PROGRAM INFORMATION NOTE | |
| Program name | 0 |
| Interest level | 0 |
| Reading level | 0 |
| Title point value | 974_084100000000000_LAW |
| 650 ## - SUBJECT ADDED ENTRY--TOPICAL TERM | |
| Topical term or geographic name entry element | MCE |
| 9 (RLIN) | 379 |
| 942 ## - ADDED ENTRY ELEMENTS (KOHA) | |
| Source of classification or shelving scheme | |
| Koha item type | Book |
| Withdrawn status | Lost status | Source of classification or shelving scheme | Damaged status | Not for loan | Permanent Location | Current Location | Shelving location | Date acquired | Total Checkouts | Full call number | Barcode | Date last seen | Price effective from | Koha item type |
|---|---|---|---|---|---|---|---|---|---|---|---|---|---|---|
| Military College of Engineering (MCE) | Military College of Engineering (MCE) | 02/09/2015 | 974.0841 LAW | MCE-ECR .6 | 02/09/2015 | 02/09/2015 | Book |
